Name these famous John! - Statistics

General Stats
  • This quiz has been taken 16 times
  • The average score is 11 of 16
Answer Stats
Hint Answer % Correct
American statesman and Founding Father who served as the second president of the United States John Adams
100%
American politician who served as the 35th president until his assassination John F. Kennedy
100%
English singer, songwriter and musician who gained worldwide fame for being part of the Beatles John Lennon
100%
American actor known for his role as Captain Jack Sparrow in the film series Pirates of the Caribbean Johnny Depp
100%
American actor that earned nominations for the Academy Award for Best Actor for his roles in Saturday Night Fever and Pulp Fiction John Travolta
100%
American singer and songwriter that wrote and sang "Take Me Home, Country Roads" John Denver
79%
American professional wrestler and actor whi gained fame with WWE and later had success in movies and books John Cena
71%
American business magnate and philanthropist that was one of the wealthiest Americans of all time and one of the richest people in modern history John Davison Rockefeller
71%
American actor and filmmaker known for his role as Jim Halpert on the NBC sitcom The Office John Krasinski
71%
American singer and songwriter who was the first African American man to win all four major North American entertainment awards (EGOT: Emmy, Grammy, Oscar, and Tony) John Legend
57%
American actor known for his work in television, especially in his starring role as Jesse Katsopolis on the ABC sitcom Full House John Stamos
57%
American singer who made his debut with Room for Squares and dated Taylor Swift John Mayer
50%
English and American stand-up that has been the host of the HBO series Last Week Tonight John Oliver
50%
American mafioso and boss of the Gambino crime family in New York City John Gotti
43%
American serial killer and sex offender who raped, tortured and murdered at least 33 young men and boys, also known as the Killer Clown John Wayne Gacy
43%
American billionaire hedge fund manager that founded a New York–based investment management firm John Paulson
14%
No matching quizzes found
Score Distribution
Percent of People with Each Score
Percentile by Number Answered
Your Score History
You have not taken this quiz